[Event "FRA-ch U20"]
[Site "Agen"]
[Date "2022.04.18"]
[Round "2"]
[White "Harutyunyan, Ruben"]
[Black "Bregnac, Tristan"]
[Result "1-0"]
[WhiteElo "2380"]
[BlackElo "2113"]
[PlyCount "103"]
[EventDate "2022.04.16"]
[EventType "swiss"]
[EventRounds "9"]
[EventCountry "FRA"]
[SourceTitle "EXT 2023"]
[Source "ChessBase"]
[SourceDate "2022.10.05"]
[SourceVersion "1"]
[SourceVersionDate "2022.10.05"]
[SourceQuality "1"]

1. Nf3 Nf6 2. g3 d5 3. Bg2 c6 4. 0-0 g6 5. d3 Bg7 6. Nbd2 0-0 7. e4 dxe4 8. dxe4 Nbd7 9. Qe2 Nc5 10. e5 Nd5 11. Nb3 Qb6 12. Nxc5 Qxc5 13. c3 Bg4 14. h3 Bxf3 15. Bxf3 Rad8 16. Re1 b5 17. Bd2 Qb6 18. Rad1 Qc7 19. h4 Nb6 20. Bf4 Qc8 21. Rxd8 Rxd8 22. h5 Nd5 23. Bc1 e6 24. Bg5 Rd7 25. c4 bxc4 26. Qxc4 Rb7 27. hxg6 hxg6 28. Qc2 Qc7 29. Qe2 Qb6 30. b3 Qd4 31. Kg2 Rb5 32. Qc4 Qb6 33. Rc1 Bxe5 34. Qxc6 Qxc6 35. Rxc6 Nb4 36. Rc8+ Kg7 37. a4 Rb6 38. Be3 Ra6 39. Bb7 Ra5 40. Bd2 Bd6 41. Rc4 Rc5 42. Rxb4 Rc2 43. Rd4 Bc5 44. Rc4 Rxd2 45. Rxc5 Rb2 46. Ra5 Rxb3 47. Rxa7 Kf6 48. a5 Ke5 49. a6 Kd6 50. Ra8 Kc7 51. Rf8 f5 52. a7 1-0

[Event "FRA-ch U20"]
[Site "Europe Echecs INT"]
[Date "2020.07.12"]
[Round "8"]
[White "Bregnac, Tristan"]
[Black "Leccia, Antoine"]
[Result "1-0"]
[WhiteElo "2047"]
[BlackElo "1950"]
[PlyCount "21"]
[EventDate "2020.07.12"]
[EventType "swiss (rapid)"]
[EventRounds "9"]
[EventCountry "FRA"]
[SourceTitle "EXT 2021"]
[Source "ChessBase"]
[SourceDate "2020.10.23"]
[SourceVersion "1"]
[SourceVersionDate "2020.10.23"]
[SourceQuality "1"]

1. e4 e5 2. Nf3 Nc6 3. Bb5 a6 4. Ba4 Nf6 5. 0-0 b5 6. Bb3 Bb7 7. d4 Nxd4 8. Nxd4 exd4 9. e5 Ne4 10. Qf3 Nc5 11. Qxf7# 1-0

[Event "FRA-ch Blitz Online Qual"]
[Site "Europe Echecs INT"]
[Date "2020.05.16"]
[Round "13"]
[White "Bregnac, Tristan"]
[Black "Bulmaga, Irina"]
[Result "1-0"]
[WhiteElo "2047"]
[BlackElo "2440"]
[PlyCount "81"]
[EventDate "2020.05.16"]
[EventType "swiss (blitz)"]
[EventRounds "15"]
[EventCountry "FRA"]
[SourceTitle "CBM 196 Extra"]
[Source "ChessBase"]
[SourceDate "2020.07.31"]
[SourceVersion "1"]
[SourceVersionDate "2020.07.31"]
[SourceQuality "1"]

1. e4 Nf6 2. e5 Nd5 3. c4 Nb6 4. d4 d6 5. exd6 cxd6 6. Nc3 g6 7. Be3 Bg7 8. Rc1 0-0 9. b3 Bf5 10. Be2 d5 11. c5 Nc8 12. Nf3 Nc6 13. 0-0 Bg4 14. h3 Bxf3 15. Bxf3 e6 16. a3 N8e7 17. b4 Nf5 18. Ne2 Nh4 19. Ng3 Nxf3+ 20. gxf3 e5 21. dxe5 d4 22. Bd2 Nxe5 23. f4 Nd3 24. Rb1 b6 25. Qf3 Nxc5 26. bxc5 bxc5 27. Ne4 c4 28. Bb4 f5 29. Nd6 c3 30. Qd5+ Kh8 31. Nf7+ Rxf7 32. Qxf7 c2 33. Rbc1 d3 34. Bd2 Qd6 35. Rfe1 Qxa3 36. Re8+ Rxe8 37. Qxe8+ Qf8 38. Re1 h6 39. Qxg6 Qg8 40. Re8 Bf8 41. Bc3+ 1-0